Music Quiz

Random Music or This or That Quiz

True or False: Billboard #1 Albums Quiz Stats

 Plays Quiz Updated Dec 30, 2016

     
Support Sporcle.
Go Orange.
Score 0/50 Timer 10:00
1 Play Today
Album (T)rue or (F)alse % Correct
A Hard Day's Night???
81.7%
Faith???
81.5%
Rumours???
81%
The Joshua Tree???
80.4%
Thriller???
79.7%
Hotel California???
79.7%
Jagged Little Pill???
79.7%
In Utero???
76.6%
For Those About to Rock We Salute You???
75%
The Way We Were???
73.1%
True Blue???
72.3%
Life After Death???
70%
Synchronicity???
68.2%
Physical Graffiti???
67.1%
Exile on Main St.???
66.5%
Songs in the Key of Life???
66.2%
Ropin' the Wind???
64.5%
Calypso???
64.4%
Green River???
64.2%
No Jacket Required???
63.5%
Breakfast in America???
63.1%
Come Fly with Me???
62.5%
No Strings Attached???
62%
Pearl???
61.6%
Unorthodox Jukebox???
60.9%
Album (T)rue or (F)alse % Correct
X&Y???
59.6%
Harvest???
59.1%
Ode to Billie Joe???
58.1%
21st Century Breakdown???
57.3%
The Student Prince???
57.2%
My Son, the Folk Singer???
56.7%
Loving You???
56.6%
FanMail???
55.9%
Purple???
55.9%
The Division Bell???
55.9%
Hi Infidelity???
55.8%
It Was Written???
55.7%
x???
54.3%
California???
53.4%
Everyday???
53%
21???
52.8%
Grand Champ???
52.7%
The River???
52.4%
Days of Wine and Roses???
52.2%
With a Song in My Heart???
52.1%
Indestructible???
51.6%
Follow the Leader???
50.5%
Feels Like Home???
50%
Sold Out???
43.2%
To the Extreme???
37.3%

From the Vault

Three Films From Twenty Genres

by DarkPhalanx

Movies 10m
It's good to expand your movie genres. And Netflix genres don't count.
Remove Ads.
Support Sporcle.
Get the best of Sporcle when you Go Orange. This ad-free experience offers more features, more stats, and more fun while also helping to support Sporcle. Thank you for becoming a member.

Show Comments

Extras

Top Quizzes Today


Score Distribution

Your Account Isn't Verified!

In order to create a playlist on Sporcle, you need to verify the email address you used during registration. Go to your Sporcle Settings to finish the process.

Report this User

Report this user for behavior that violates our Community Guidelines.

Details: